<?xml version="1.0" encoding="UTF-8"?>
<record
    xmlns:xsi="http://www.w3.org/2001/XMLSchema-instance"
    xsi:schemaLocation="http://www.loc.gov/MARC21/slim http://www.loc.gov/standards/marcxml/schema/MARC21slim.xsd"
    xmlns="http://www.loc.gov/MARC21/slim">

  <leader>00670nam a22001817a 4500</leader>
  <controlfield tag="003">UA-OsUOA</controlfield>
  <controlfield tag="001"> 9172 </controlfield>
  <controlfield tag="007">ta</controlfield>
  <controlfield tag="008">20041021b un ||||| |||| 00| 0 ukr d</controlfield>
  <datafield tag="100" ind1=" " ind2=" ">
    <subfield code="a">&#x41D;&#x435;&#x43A;&#x440;&#x430;&#x441;&#x43E;&#x432; &#x41E;.</subfield>
  </datafield>
  <datafield tag="942" ind1=" " ind2=" ">
    <subfield code="c">SA</subfield>
  </datafield>
  <datafield tag="040" ind1=" " ind2=" ">
    <subfield code="a">UA-OsUOA</subfield>
    <subfield code="c">UA-OsUOA</subfield>
    <subfield code="d">UA-OsUOA</subfield>
  </datafield>
  <datafield tag="245" ind1=" " ind2=" ">
    <subfield code="a">&#x41C;&#x43E;&#x43B;&#x43E;&#x434;&#x456; &#x433;&#x43E;&#x43B;&#x43E;&#x441;&#x438; &#x43D;&#x430; " &#x421;&#x43E;&#x43B;&#x43E;&#x432;"&#x457;&#x43D;&#x43E;&#x43C;&#x443; &#x44F;&#x440;&#x43C;&#x430;&#x440;&#x43A;&#x443; " : [ &#x43F;&#x440;&#x43E; &#x43C;&#x456;&#x436;&#x43D;&#x430;&#x440;&#x43E;&#x434;&#x43D;&#x438;&#x439; &#x43A;&#x43E;&#x43D;&#x43A;&#x443;&#x440;&#x441; &#x43C;&#x43E;&#x43B;&#x43E;&#x434;&#x438;&#x445; &#x432;&#x43E;&#x43A;&#x430;&#x43B;&#x456;&#x441;&#x442;&#x456;&#x432; &#x456;&#x43C;. &#x410;. &#x421;&#x43E;&#x43B;&#x43E;&#x432;"&#x44F;&#x43D;&#x435;&#x43D;&#x43A;&#x430; &#x449;&#x43E; &#x43F;&#x440;&#x43E;&#x445;&#x43E;&#x434;&#x438;&#x442;&#x44C; &#x43D;&#x430; &#x414;&#x43E;&#x43D;&#x435;&#x447;&#x447;&#x438;&#x43D;&#x456; ]</subfield>
  </datafield>
  <datafield tag="300" ind1=" " ind2=" ">
    <subfield code="a">&#x421;.6-8</subfield>
  </datafield>
  <datafield tag="955" ind1=" " ind2=" ">
    <subfield code="a">0</subfield>
  </datafield>
  <datafield tag="773" ind1="0" ind2=" ">
    <subfield code="w">0</subfield>
    <subfield code="t">&#x423;&#x43A;&#x440;&#x430;&#x457;&#x43D;&#x441;&#x44C;&#x43A;&#x430; &#x43A;&#x443;&#x43B;&#x44C;&#x442;&#x443;&#x440;&#x430;</subfield>
    <subfield code="d">&#x41A;&#x438;&#x457;&#x432;</subfield>
    <subfield code="d">2004</subfield>
    <subfield code="g">&#x2116;9</subfield>
  </datafield>
  <datafield tag="650" ind1=" " ind2="7">
    <subfield code="a">&#x412;&#x43E;&#x43A;&#x430;&#x43B;</subfield>
    <subfield code="2">UDC</subfield>
  </datafield>
  <datafield tag="999" ind1=" " ind2=" ">
    <subfield code="c">295333</subfield>
    <subfield code="d">295333</subfield>
  </datafield>
</record>
